[Event "IMSA Blitz Women 2019"]
[Site "Hengshui"]
[Date "2019.05.17"]
[Round "1.15"]
[White "Khotenashvili, Bela"]
[Black "Harika, Dronavalli"]
[Result "1/2-1/2"]
[WhiteElo "2476"]
[BlackElo "2492"]
[Annotator "TA"]
[PlyCount "82"]
[EventDate "2019.05.17"]
[EventType "blitz"]
[EventCountry "CHN"]
[SourceTitle "playchess.com"]
[Source "ChessBase"]
[SourceQuality "1"]

{[%evp 23,82,13,33,8,17,6,0,6,20,25,40,25,23,-70,-47,-78,-62,-56,-52,-406,0,-93,-85,-88,0,0,0,-54,-58,-590,-568,-574,-511,-488,-295,-1213,-1215,-862,-145,-227,0,0,0,-256,0,0,0,-237,0,0,0,0,0,0,0,0,0,0,0,-153,0]} 1. Nf3 d6 2. d4 g6 3. c4 Bg7 4. Nc3 Nd7 5. g3 Ngf6 6. Bg2 O-O 7. O-O e5 8. e4 exd4 9. Nxd4 Nc5 10. h3 Re8 11. Re1 Bd7 12. b3 a5 13. Bb2 {E68: King's Indian: Fianchetto: 6...Nbd7 7 0-0 e5 8 e4} (13. a4 h5 14. Bf4 h4 15. gxh4 Nh5 16. Bg5 Qc8 17. Nd5 Bxh3 18. Bf3 Qd7 19. Rb1 Be6 20. Bxh5 Bxd5 21. cxd5 gxh5 {0-1 (47) Ju,W (2579)-Harika,D (2543) Doha 2016}) 13... a4 14. Rb1 axb3 15. axb3 {[%cal Ba2b3,Bb3b4][%mdl 32] The position is equal.} c6 $146 ({Predecessor:} 15... h5 16. Qc2 h4 17. Rbd1 hxg3 18. fxg3 Nh5 19. Qf2 Be5 20. Re3 c6 {0-1 (35) Vakhidov,D (2250)-Iniyan,P (2452) Ahmedabad 2017}) 16. b4 Ne6 {[%cal Bc5e6,Be6g5,Bg5h3][%mdl 32]} 17. Nc2 Ng5 18. h4 (18. Kh2 $1 $11) 18... Nh3+ $1 $15 19. Kf1 Bg4 20. Qd3 Nh5 21. Ne3 $2 {[%mdl 8192] [#]} (21. Ra1 $15) 21... Be6 $2 (21... Nxg3+ $1 $19 {[%mdl 512]} 22. fxg3 Qf6+ 23. Nf5 gxf5) 22. Nf5 (22. Bf3 $11) 22... gxf5 $40 {[%mdl 128] Black attacks with force.} 23. exf5 {[#]} N5f4 (23... Nxf2 $1 $17 {[%mdl 512]} 24. Kxf2 Qf6) 24. gxf4 $11 Nxf4 25. Qe4 (25. Qg3 $11 Nh5 26. Qg4) 25... Nxg2 $15 26. fxe6 $4 {[%mdl 8192]} (26. Qxg2 $15 Bxc4+ 27. Ne2) 26... Nxe1 $19 27. exf7+ Kxf7 28. Qxh7 {Strongly threatening Ne4.} Qd7 {( -> ...Qh3+)} 29. Ne4 $2 (29. Ne2 Qh3+ 30. Kxe1) 29... Qh3+ 30. Kxe1 {[#]} Qg4 $2 (30... Rxe4+ $1 $19 {[%mdl 512] and Black stays clearly on top.} 31. Kd2 (31. Qxe4 Re8) 31... Qg4 32. Qxg7+ Qxg7 33. Bxg7 Kxg7 34. Rg1+ Kf7) 31. f3 $17 Rxe4+ $2 ({Better is} 31... Qg3+ $1 $19 32. Kf1 (32. Kd2 Rxe4 33. Qf5+ Kg8 $19) 32... Qxf3+ {[%mdl 64] Double Attack} 33. Nf2 Qg3) 32. fxe4 $11 Qg3+ 33. Kd2 $2 {[%mdl 8192]} (33. Kd1 $11 {and White stays safe.}) 33... Qg2+ $2 ({Black should play} 33... Ra2 $1 $19 {[%cal Ra2b2]} 34. e5 Qf2+ 35. Kc3 Qg3+ 36. Kc2 Qxe5 37. Rf1+ Ke7) 34. Kd3 Qg3+ 35. Kd2 $2 {[#]} (35. Kc2 $11 Ra2 36. Qf5+ Kg8 37. Qe6+ Kh8 38. Qc8+ Kh7 39. Qf5+ Kh6 40. Qe6+ (40. Qg5+ Qxg5 41. hxg5+ Kh5 $11) 40... Kh5 41. Qe8+ Kh6 42. Qe6+ Kh7 43. Qf5+ Kh8 44. Qh5+ Kg8 45. Qe8+ Kh7 46. Qh5+ Kg8 47. Qe8+ Kh7 48. Qh5+ Kg8) 35... Qg2+ $2 (35... Ra2 $1 $19 {[%cal Ra2b2]} 36. e5 Qf2+ 37. Kc3 Qg3+ 38. Kc2 Qxe5 39. Rf1+ Ke7) 36. Kd3 Qf3+ 37. Kd2 Qf2+ 38. Kd3 Qf3+ 39. Kd2 Qg2+ 40. Kd3 Qg3+ 41. Kd2 $2 {[#]} (41. Kc2 $11 Ra2 42. Qf5+ Kg8 43. Qe6+ Kh8 44. Qc8+ Kh7 45. Qf5+ Kh8 46. Qh5+ Kg8 47. Qe8+ Kh7 48. Qh5+ Kg8 49. Qe8+ Kh7 50. Qh5+ Kg8) 41... Qf2+ $2 {Accuracy: White = 17%, Black = 36%.} (41... Ra2 $1 $17 {[%cal Ra2b2]} 42. e5 Qf2+ 43. Kc3 Qe3+ 44. Kc2 Qxe5 45. Rf1+ Ke7) 1/2-1/2

[Event "IMSA Blitz Women 2019"]
[Site "Hengshui"]
[Date "2019.05.17"]
[Round "1.16"]
[White "Kosteniuk, Alexandra"]
[Black "Muzychuk, Mariya"]
[Result "1-0"]
[WhiteElo "2546"]
[BlackElo "2563"]
[Annotator "TA"]
[PlyCount "175"]
[EventDate "2019.05.17"]
[EventType "blitz"]
[EventCountry "CHN"]
[SourceTitle "playchess.com"]
[Source "ChessBase"]
[SourceQuality "1"]

{[%evp 14,175,0,0,0,-16,-9,-13,-21,-14,-17,-27,-10,-21,70,66,66,36,42,6,14,1,0,-10,0,8,4,-17,-16,-2,-10,-13,-6,-5,19,-15,-15,-28,-32,-219,-25,-17,-18,-17,-36,-44,-13,-26,-35,-70,-40,-70,-70,-84,-71,-74,-68,-77,-77,-69,-70,-132,0,0,0,0,0,0,0,0,0,0,0,0,0,0,0,0,0,0,0,0,0,-8,0,0,0,0,0,0,0,-312,9,9,16,17,16,0,0,0,0,0,0,-53,0,0,0,-77,8,8,16,0,0,0,0,0,14,13,17,21,33,33,33,33,73,33,91,66,106,91,106,106,106,106,106,106,106,106,106,106,106,106,119,119,441,232,500,119,362,375,530,437,379,0,0,0,0,0,0,0,29974,29975,4627,4627]} 1. c4 c5 2. Nf3 Nc6 3. d4 cxd4 4. Nxd4 Nf6 5. Nc3 e6 6. g3 Qb6 7. Ndb5 Ne5 8. Bg2 a6 {A33: Symmetrical English: 2 Nf3 Nf6 3 d4 cxd4 4 Nxd4 e6 5 Nc3 Nc6} 9. Na4 Qd8 10. Nd6+ Bxd6 $1 {The position is equal.} 11. Qxd6 Nxc4 12. Qc5 d5 13. b3 {[#]} Nd6 $146 (13... Bd7 $11) ({Predecessor:} 13... Bd7 14. bxc4 Bxa4 15. cxd5 Nxd5 16. O-O {1-0 (47) Kobo,O (2494)-Salgado Lopez,I (2629) St Petersburg 2018}) 14. Nb6 $14 Nd7 15. Nxd7 Qxd7 16. O-O {With the idea e4!} O-O 17. Ba3 Rd8 18. Rac1 Nb5 {[%cal Bd6b5,Bb5a7,Ba7c6][%mdl 32]} 19. Bb2 Qd6 20. Qe3 Bd7 21. a4 Na7 $1 22. Be5 Qf8 23. Rc7 Nc6 24. Bb2 Rab8 25. Rc1 Qd6 26. Qg5 $2 (26. Qb6 $15) 26... e5 $2 (26... d4 $19 27. Bxc6 Bxc6) 27. R7xc6 $1 $11 {[%mdl 64] [#] Remove Defender} bxc6 28. Bxe5 {[%csl Ge5][%cal Rg5g7][%mdl 64] Double Attack} Qg6 29. Qxg6 hxg6 30. Bxb8 Rxb8 $15 {[%mdl 4096] Endgame KRB-KRB} 31. Rc3 a5 32. e3 Kf8 33. Bf3 Ke7 34. h4 Kd6 35. Kf1 Be6 36. Ke1 c5 37. Kd2 (37. Rd3 $15) 37... d4 (37... c4 $17 38. Kc2 Rb4) 38. exd4 $11 cxd4 39. Rc6+ Kd7 40. Rc5 Rxb3 41. Be2 Bf5 42. Rxa5 Rb2+ 43. Ke1 Rb1+ 44. Kd2 Rb2+ 45. Ke1 Rb1+ 46. Bd1 Kd6 47. Kd2 Rb2+ 48. Ke1 Rb1 {Hoping for ...Bg4.} 49. Kd2 $1 Rb2+ 50. Ke1 d3 {aiming for ...Be6.} 51. Rb5 Ra2 52. Rb4 $2 {[%mdl 8192]} (52. f3 $11) 52... Ra1 $2 (52... Kc5 $19 53. Rb7 Kd4 54. Rb4+ Kc3 55. Rb3+ Kc4) 53. Kd2 Ra2+ 54. Ke3 Ra1 55. Bf3 Re1+ 56. Kd2 Rf1 57. Ke3 Re1+ 58. Kf4 (58. Kd2 $11 Rf1 59. Ke3) 58... Rf1 (58... Kc5 $15 59. Rb8 Bd7) 59. Rb2 Ra1 60. Rb4 (60. Ke3 $11) 60... Ra2 (60... Kc5 $17 61. Rb5+ Kd4) 61. Ke3 Ra1 62. g4 Be6 63. Kxd3 Ra3+ 64. Ke2 Ra2+ 65. Ke3 Ra3+ 66. Kf4 Bd7 67. Rd4+ Ke7 68. Bd1 Ra2 69. f3 {Threatens to win with Bb3.} f6 ({Better is} 69... Bc6 $14) 70. Bb3 Ra1 71. Bc2 Bc6 72. Rc4 Kd6 73. Be4 Bxa4 74. Bxg6 Bd7 75. Bf5 {Strongly threatening Rd4+.} Bc6 76. Rc3 Ra4+ 77. Kg3 Rb4 78. Re3 Rd4 $2 {[%mdl 8192]} (78... Bd5 $16 {is a better chance.} 79. Be4 Rb3 80. Rxb3 Bxb3) 79. h5 (79. Re6+ $142 Kc5 80. Re7) 79... Rd1 $2 (79... Bd5 80. Re8 Rd1 81. Rd8+ Ke7 82. Rd7+ Kf8) 80. Ra3 $2 (80. Re6+ $18 {and the rest is easy.} Kc5 81. Re7) 80... Rg1+ $2 (80... Ke7 $16 81. Ra6 Rd6 82. Ra7+ Kf8) 81. Kf2 $18 Rc1 (81... Rh1 $142 82. Ra6 Kc5) 82. Ra7 Rc3 {[#]} 83. Be4 $2 (83. f4 $1 $18) 83... Bxe4 $11 84. fxe4 Ke5 $1 85. Rxg7 {Black must now prevent h6.} Kxe4 86. h6 {And now h7 would win.} Rf3+ $2 {[%mdl 8192]} (86... Rh3 $11) 87. Kg2 Rc3 88. h7 {Accuracy: White = 49%, Black = 44%.} 1-0

[Event "IMSA Blitz Women 2019"]
[Site "Hengshui"]
[Date "2019.05.17"]
[Round "2.1"]
[White "Koneru, Humpy"]
[Black "Zhao, Xue"]
[Result "0-1"]
[WhiteElo "2553"]
[BlackElo "2485"]
[Annotator "TA"]
[PlyCount "95"]
[EventDate "2019.05.17"]
[EventType "blitz"]
[EventCountry "CHN"]
[SourceTitle "playchess.com"]
[Source "ChessBase"]
[SourceQuality "1"]

{[%evp 16,95,18,8,27,0,0,0,0,0,0,-25,0,0,1,0,40,23,77,81,85,68,75,70,90,89,99,42,42,42,42,42,42,42,42,42,42,42,58,42,62,58,58,60,60,60,52,53,62,0,6,0,33,35,49,0,11,0,347,327,511,476,1343,490,5393,4947,5306,5043,29964,29968,29985,29986,29988,29987,29986,0,29984,0,29986,29983,29992,29992]} 1. d4 Nf6 2. Nf3 e6 3. e3 c5 4. Bd3 b6 5. O-O Be7 6. b3 cxd4 7. exd4 O-O 8. Bb2 Bb7 9. Nbd2 a5 {A47: 1 d4 Nf6 2 Nf3 b6: Torre, London and Colle Systems} (9... d6 10. Re1 Nbd7 11. c4 Re8 12. Rc1 Rc8 13. b4 Rc7 14. h3 Qa8 15. Bf1 Bf8 16. Qb3 g6 17. a3 Bh6 18. Rcd1 Bg7 19. Qe3 {½-½ (57) Gajewski,G (2595)-Nagy,G (2464) Reykjavik 2018}) (9... d6 10. a3 Nbd7 11. c4 Rc8 12. Rc1 Rc7 13. Re1 Re8 14. Ng5 Nf8 15. Nge4 Ng6 16. d5 Nxe4 17. Bxe4 exd5 18. Bxd5 Bxd5 19. cxd5 Rxc1 20. Qxc1 {0-1 (25) Koneru,H (2607)-Zhao,X (2568) Beijing 2013}) 10. c4 $146 ({Predecessor:} 10. a3 Ba6 11. c4 Nc6 12. Ne5 Qc7 13. Re1 d5 14. cxd5 Nxe5 15. d6 Qxd6 16. dxe5 Qxd3 17. exf6 Bxf6 18. Bxf6 gxf6 {0-1 (31) Kassani,S (2099)-Zadruzny,N (2257) Stockholm 2013}) 10... a4 11. bxa4 d5 {The position is equal.} 12. Ne5 Nc6 13. Ndf3 Nb4 14. Be2 dxc4 15. Bxc4 Nbd5 16. Rc1 Ra5 (16... Nd7 $11 {remains equal.}) 17. Bb5 $16 Bd6 18. Qb3 Nf4 19. Nc6 Bxc6 20. Rxc6 N6d5 21. Rxd6 (21. g3 $16 Ng6 22. Rc2) 21... Qxd6 $14 22. Ba3 Qb8 23. Bxf8 Qxf8 24. g3 Ng6 25. Rc1 Ra8 26. h4 h6 27. Rc2 {aiming for Bc6.} Rc8 28. Bc4 Nge7 29. Ne5 Qd8 30. Bxd5 Nxd5 31. Rxc8 Qxc8 32. Qf3 ({Better is} 32. Qc4 $14 Qe8 33. h5) 32... Qc7 33. Qb3 f6 34. Nc4 Kf7 35. Ne3 Qc1+ 36. Kg2 Ne7 $2 {[%mdl 8192] [#]} (36... Nxe3+ $11 {and Black stays safe.} 37. fxe3 Qd2+ 38. Kh3 Qe1) 37. Qxb6 $18 Qd2 (37... Qc6+ {keeps fighting.} 38. Qxc6 Nxc6) 38. a3 Qa2 (38... Qc1 $142 39. a5 Qc6+ 40. Qxc6 Nxc6) 39. Qb4 (39. a5 $142 Qxa3 40. a6) 39... Nc6 (39... Qe2 $142 40. Qb7 Qd2) 40. Qb7+ Ne7 41. a5 {[%cal Ba4a5,Ba5a6,Ba6a7][%mdl 32]} f5 42. a6 f4 43. gxf4 Kf6 44. Ng4+ Kf5 45. Ne3+ Kf6 $1 46. Ng4+ Kf5 47. a7 Ng6 48. Qf7+ {[%mdl 32768] Accuracy: White = 40%, Black = 29%. . Loss on time!?} 0-1

[Event "IMSA Blitz Women 2019"]
[Site "Hengshui"]
[Date "2019.05.17"]
[Round "2.1"]
[White "Dzagnidze, Nana"]
[Black "Kosteniuk, Alexandra"]
[Result "1/2-1/2"]
[WhiteElo "2510"]
[BlackElo "2546"]
[Annotator "RC"]
[PlyCount "110"]
[EventDate "2019.05.17"]
[EventType "blitz"]
[EventCountry "CHN"]
[SourceTitle "playchess.com"]
[Source "ChessBase"]
[SourceQuality "1"]
[TimeControl "180+2"]

1. Nf3 {[%emt 0:00:00]} d5 {[%emt 0:00:00]} 2. b3 {[%emt 0:00:01]} Nf6 {[%emt 0:00:00]} 3. Bb2 {[%emt 0:00:01]} g6 {[%emt 0:00:01]} 4. g3 {[%emt 0:00:03]} Bg7 {[%emt 0:00:01]} 5. Bg2 {[%emt 0:00:02]} O-O {[%emt 0:00:01]} 6. c4 {[%emt 0:00:03]} c6 {[%emt 0:00:01]} 7. O-O {[%emt 0:00:04]} Bf5 {[%emt 0:00:02]} 8. d3 {[%emt 0:00:02]} Qc8 {[%emt 0:00:02]} 9. Re1 {[%emt 0:00:10]} Bh3 {[%emt 0:00:01]} 10. Bh1 {[%emt 0:00:03]} Na6 {[%emt 0:00:08]} 11. Nbd2 {[%emt 0:00:10]} Rd8 {[%emt 0:00:10]} 12. a3 {[%emt 0:00:16]} dxc4 {[%emt 0:00:07]} 13. bxc4 {[%emt 0:00:03]} Nc5 {[%emt 0:00:08]} 14. Qc2 {[%emt 0:00:04]} Qg4 {[%emt 0:00:35]} 15. Ne5 {[%emt 0:00:11]} Qh5 {[%emt 0:00:15]} 16. d4 {[%emt 0:00:17]} Ne6 {[%emt 0:00:13]} 17. e3 {[%emt 0:00:12]} Ng4 {[%emt 0:00:14]} 18. Nxg4 {[%emt 0:00:08]} Bxg4 {[%emt 0:00:01]} 19. Bg2 {[%emt 0:00:09]} Ng5 {[%emt 0:00:09]} 20. h4 {[%emt 0:00:11]} Nf3+ {[%emt 0:00:01]} 21. Nxf3 {[%emt 0:00:03]} Bxf3 {[%emt 0:00:01]} 22. Rab1 {[%emt 0:00:12]} Bxg2 {[%emt 0:00:04]} 23. Kxg2 {[%emt 0:00:01]} Rab8 {[%emt 0:00:07]} 24. Bc3 {[%emt 0:00:10]} Qg4 {[%emt 0:00:10]} 25. Bb4 {[%emt 0:00:22]} e5 {[%emt 0:00:04]} 26. dxe5 {[%emt 0:00:13]} Bxe5 {[%emt 0:00:01]} 27. Red1 {[%emt 0:00:06]} b6 {[%emt 0:00:13]} 28. Be7 {[%emt 0:00:15]} Rd7 {[%emt 0:00:12]} 29. Rxd7 {[%emt 0:00:13]} Qxd7 {[%emt 0:00:01]} 30. Bg5 {[%emt 0:00:01]} f6 {[%emt 0:00:21]} 31. Bf4 {[%emt 0:00:06]} Bxf4 {[%emt 0:00:02]} 32. exf4 {[%emt 0:00:01]} Rd8 {[%emt 0:00:02]} 33. Re1 {[%emt 0:00:02]} Kf7 {[%emt 0:00:09]} 34. a4 {[%emt 0:00:04]} Qd3 {[%emt 0:00:02]} 35. Qa2 {[%emt 0:00:05]} Qd2 {[%emt 0:00:03]} 36. Qb1 {[%emt 0:00:03]} Qd3 {[%emt 0:00:15]} 37. Qa2 {[%emt 0:00:02]} Rd4 {[%emt 0:00:05]} 38. c5+ {[%emt 0:00:03]} Qc4 {[%emt 0:00:01]} 39. Qxc4+ Rxc4 {[%emt 0:00:01]} 40. cxb6 {[%emt 0:00:03]} axb6 {[%emt 0:00:00]} 41. Rb1 {[%emt 0:00:01]} Rxa4 {[%emt 0:00:01]} 42. Rxb6 {[%emt 0:00:01]} Rc4 {[%emt 0:00:00]} 43. Rb7+ {[%emt 0:00:01]} Kg8 {[%emt 0:00:02]} 44. Rc7 {[%emt 0:00:01]} Rc3 {[%emt 0:00:01]} 45. Kf1 {[%emt 0:00:04]} h5 {[%emt 0:00:03]} 46. Ke2 {[%emt 0:00:01]} f5 {[%emt 0:00:04]} 47. Kd2 {[%emt 0:00:01]} Rc5 {[%emt 0:00:05]} 48. Ke3 {[%emt 0:00:02]} Kf8 {[%emt 0:00:02]} 49. Kd4 {[%emt 0:00:05]} Rc2 {[%emt 0:00:07]} 50. Kd3 {[%emt 0:00:03]} Rc1 {[%emt 0:00:02]} 51. Kd2 {[%emt 0:00:03]} Rc5 {[%emt 0:00:01]} 52. Kd3 {[%emt 0:00:01]} Ke8 {[%emt 0:00:03]} 53. Ke3 {[%emt 0:00:03]} Kf8 {[%emt 0:00:04]} 54. Kd3 {[%emt 0:00:01]} Ke8 {[%emt 0:00:01]} 55. Ke3 {[%emt 0:00:01]} Kf8 {[%emt 0:00:00] Ke4} 1/2-1/2

[Event "IMSA Blitz Women 2019"]
[Site "Hengshui"]
[Date "2019.05.17"]
[Round "2.1"]
[White "Lei, Tingjie"]
[Black "Bodnaruk, Anastasia"]
[Result "1-0"]
[WhiteElo "2507"]
[BlackElo "2431"]
[Annotator "ChessBase"]
[PlyCount "119"]
[EventDate "2019.05.17"]
[EventType "blitz"]
[EventCountry "CHN"]
[SourceTitle "playchess.com"]
[Source "ChessBase"]
[SourceQuality "1"]
[TimeControl "180+2"]

1. d4 {[%emt 0:00:00]} Nf6 {[%emt 0:00:00]} 2. c4 {[%emt 0:00:01]} g6 {[%emt 0:00:00]} 3. Nc3 {[%emt 0:00:01]} Bg7 {[%emt 0:00:00]} 4. e4 {[%emt 0:00:02]} d6 {[%emt 0:00:01]} 5. h3 {[%emt 0:00:02]} O-O {[%emt 0:00:02]} 6. Nf3 {[%emt 0:00:02]} e5 {[%emt 0:00:03]} 7. d5 {[%emt 0:00:01]} a5 {[%emt 0:00:04]} 8. g4 {[%emt 0:00:06]} Na6 {[%emt 0:00:06]} 9. Be3 {[%emt 0:00:01]} Nd7 {[%emt 0:00:08]} 10. a3 {[%emt 0:00:02]} Nac5 {[%emt 0:00:25]} 11. Nd2 {[%emt 0:00:02]} Nb6 {[%emt 0:00:07]} 12. Be2 {[%emt 0:00:06]} f5 {[%emt 0:00:20]} 13. gxf5 {[%emt 0:00:06]} gxf5 {[%emt 0:00:01]} 14. h4 {[%emt 0:00:05]} f4 {[%emt 0:00:15]} 15. Bxc5 {[%emt 0:00:02]} dxc5 {[%emt 0:00:01]} 16. Bg4 {[%emt 0:00:14]} Kh8 {[%emt 0:00:11]} 17. Qf3 {[%emt 0:00:18]} Bxg4 {[%emt 0:00:14]} 18. Qxg4 {[%emt 0:00:02]} Qd7 {[%emt 0:00:00]} 19. Qxd7 {[%emt 0:00:04]} Nxd7 {[%emt 0:00:01]} 20. Nb5 {[%emt 0:00:09]} c6 {[%emt 0:00:34]} 21. Nc7 {[%emt 0:00:04]} Rac8 {[%emt 0:00:12]} 22. Ne6 {[%emt 0:00:02]} Rf6 {[%emt 0:00:04]} 23. Nf3 {[%emt 0:00:03]} cxd5 {[%emt 0:00:03]} 24. cxd5 {[%emt 0:00:02]} Rg6 {[%emt 0:00:14]} 25. O-O-O {[%emt 0:00:04]} Nf8 {[%emt 0:00:07]} 26. Nxf8 {[%emt 0:00:13]} Rxf8 {[%emt 0:00:01]} 27. Rhg1 {[%emt 0:00:01]} Rxg1 {[%emt 0:00:08]} 28. Rxg1 {[%emt 0:00:02]} b5 {[%emt 0:00:02]} 29. Kc2 {[%emt 0:00:01]} a4 {[%emt 0:00:03]} 30. Rd1 {[%emt 0:00:02]} Rd8 {[%emt 0:00:02]} 31. d6 {[%emt 0:00:09]} Bf6 {[%emt 0:00:13]} 32. Rd5 {[%emt 0:00:11]} b4 {[%emt 0:00:03]} 33. d7 {[%emt 0:00:17]} Kg7 {[%emt 0:00:04]} 34. Nxe5 {[%emt 0:00:18]} Bxe5 {[%emt 0:00:07]} 35. Rxe5 {[%emt 0:00:01]} Rxd7 36. Rxc5 {[%emt 0:00:02]} b3+ {[%emt 0:00:08]} 37. Kc3 {[%emt 0:00:02]} Rd1 {[%emt 0:00:01]} 38. Rc4 {[%emt 0:00:03]} Rf1 {[%emt 0:00:06]} 39. Rxa4 {[%emt 0:00:04]} Rxf2 40. e5 {[%emt 0:00:02]} Rf3+ {[%emt 0:00:02]} 41. Kc4 {[%emt 0:00:07]} Re3 {[%emt 0:00:03]} 42. Kd5 {[%emt 0:00:03]} f3 {[%emt 0:00:01]} 43. Rf4 {[%emt 0:00:01]} Re2 {[%emt 0:00:05]} 44. Rxf3 {[%emt 0:00:01]} Rxb2 {[%emt 0:00:00]} 45. Kc4 {[%emt 0:00:01]} Re2 {[%emt 0:00:02]} 46. Rxb3 {[%emt 0:00:01]} Rxe5 {[%emt 0:00:01]} 47. Rd3 {[%emt 0:00:05]} Kg6 {[%emt 0:00:02]} 48. a4 {[%emt 0:00:01]} Re1 {[%emt 0:00:01]} 49. a5 {[%emt 0:00:02]} Ra1 {[%emt 0:00:03]} 50. Kb5 {[%emt 0:00:01]} Kh5 {[%emt 0:00:02]} 51. Rd4 {[%emt 0:00:01]} h6 {[%emt 0:00:01]} 52. Rb4 {[%emt 0:00:01]} Rf1 {[%emt 0:00:03]} 53. a6 {[%emt 0:00:01]} Rf7 {[%emt 0:00:03]} 54. Ka5 {[%emt 0:00:02]} Rf1 {[%emt 0:00:04]} 55. a7 {[%emt 0:00:01]} Rf8 {[%emt 0:00:01]} 56. Ka6 {[%emt 0:00:01]} Rf6+ {[%emt 0:00:03]} 57. Rb6 {[%emt 0:00:02]} Rf1 {[%emt 0:00:01]} 58. a8=Q {[%emt 0:00:03]} Ra1+ {[%emt 0:00:01]} 59. Kb7 {[%emt 0:00:01]} Rxa8 {[%emt 0:00:01]} 60. Kxa8 {[%emt 0:00:02]} 1-0

[Event "IMSA Blitz Women 2019"]
[Site "Hengshui"]
[Date "2019.05.17"]
[Round "2.1"]
[White "Harika, Dronavalli"]
[Black "Krush, Irina"]
[Result "1/2-1/2"]
[WhiteElo "2492"]
[BlackElo "2422"]
[Annotator "TA"]
[PlyCount "117"]
[EventDate "2019.05.17"]
[EventType "blitz"]
[EventCountry "CHN"]
[SourceTitle "playchess.com"]
[Source "ChessBase"]
[SourceQuality "1"]

{[%evp 9,117,-6,10,12,15,10,43,35,44,25,52,54,32,25,35,22,48,39,48,21,18,22,29,19,12,11,10,15,10,8,8,0,0,0,0,0,0,0,6,0,0,0,0,0,0,0,0,0,0,0,0,0,0,0,0,0,0,0,0,0,0,0,0,0,0,0,0,-60,-52,-96,-50,-362,-59,-62,-74,-505,-497,-467,-274,-260,-15,-101,0,0,0,0,0,0,0,0,83,98,98,100,108,59,87,8,8,8,8,8,10,8,8,8,8,8,8,8]} 1. Nf3 c5 2. b3 d6 3. Bb2 e5 4. e3 (4. c4 Nc6 5. g3 g6 6. Bg2 Bg7 7. O-O Nge7 8. d3 O-O 9. Nc3 Bf5 10. a3 Qd7 11. Re1 Bh3 {½-½ (48) Andreikin,D (2712)-Grischuk,A (2767) Moscow 2018}) 4... Nf6 5. Be2 Be7 $146 ({Predecessor:} 5... Nc6 6. O-O Be7 7. c4 O-O 8. d3 Re8 9. a3 a6 10. Qc2 Bf8 {1-0 (42) Schneider,L (2420)-Danner,G (2335) Eksjo 1979}) 6. O-O {A04: Unusual lines after 1 Nf3 and King's Indian Attack} O-O 7. c4 e4 8. Ne1 $1 {White is slightly better.} d5 9. cxd5 Nxd5 10. d3 Bf6 11. Qc1 Bxb2 12. Qxb2 exd3 13. Nxd3 Qe7 14. Nc3 Nxc3 15. Qxc3 b6 16. Bf3 Bb7 17. Bxb7 Qxb7 18. Nf4 Nc6 19. Rad1 Rad8 20. Nh5 {[%csl Gh5][%cal Rc3g7]} f6 21. Qc4+ Qf7 22. Qe2 Ne5 23. Nf4 Qe7 24. h3 Rxd1 25. Rxd1 Rd8 26. Nd5 Qe6 27. Nf4 (27. Nc3 {is more complex.} Rd7 28. Rd2 Nc6 29. Qd1 Rxd2 30. Qxd2 Kf7 31. Qd3) 27... Rxd1+ 28. Qxd1 Qd7 29. Qxd7 Nxd7 $11 {[%mdl 4096] Endgame KN-KN} 30. Kf1 Kf7 31. Ke2 Ne5 32. Nd5 Ke6 33. e4 Nc6 34. Ke3 Ne7 35. Nc3 Nc6 36. f4 Nb4 37. g4 g5 38. fxg5 (38. f5+ $11 Ke5 39. Kf3) 38... fxg5 $15 39. Nb5 a6 40. Nc7+ $2 {[%mdl 8192]} ({Only move:} 40. Nc3 $15) 40... Ke5 $2 ({Black should try} 40... Kd7 $19 41. Na8 Kc6) 41. a3 $1 {[%cal Ra3b4]} Nc2+ 42. Kf3 $2 {[%mdl 8192]} (42. Kd3 $17 {nothing else works.} Nxa3 43. Nxa6) 42... Nxa3 $19 43. Nxa6 Nb1 (43... Nb5 $142 44. Ke3 Nd4) 44. b4 c4 $2 (44... Nd2+ $19 45. Ke3 Nxe4) 45. Ke3 $11 {[#]} Nc3 (45... Na3 $1 $17 {[%cal Ra3b5] Strongly threatening ...Nb5.} 46. Nb8 Nc2+ 47. Kd2 Nxb4) 46. Nb8 {Black should prevent Nd7+.} Nd1+ 47. Ke2 Nc3+ 48. Ke3 Nxe4 {And now ...c3 would win.} 49. Nd7+ {[%mdl 64] [#] Double Attack} Kd5 (49... Ke6 $11 {remains equal.} 50. Nxb6 c3) 50. Nxb6+ $16 Kc6 51. Nxc4 ({Don't blunder} 51. Kxe4 $2 Kxb6 52. Kd4 Kb5 $19) 51... Nf6 52. Ne5+ Kb5 53. Nd3 ({Better is} 53. Nf7 $16) 53... h5 $11 {The position is equal.} 54. gxh5 Nxh5 55. Ke4 {aiming for Kf5.} Kc4 56. Ne5+ Kxb4 57. Kf5 Nf4 58. h4 gxh4 59. Kxf4 {Accuracy: White = 51%, Black = 64%.} 1/2-1/2

[Event "IMSA Blitz Women 2019"]
[Site "Hengshui"]
[Date "2019.05.17"]
[Round "2.1"]
[White "Khotenashvili, Bela"]
[Black "Stefanova, Antoaneta"]
[Result "0-1"]
[WhiteElo "2476"]
[BlackElo "2470"]
[Annotator "ChessBase"]
[PlyCount "64"]
[EventDate "2019.05.17"]
[EventType "blitz"]
[EventCountry "CHN"]
[SourceTitle "playchess.com"]
[Source "ChessBase"]
[SourceQuality "1"]
[TimeControl "180+2"]

1. Nf3 {[%emt 0:00:00]} d5 {[%emt 0:00:00]} 2. g3 {[%emt 0:00:00]} g6 {[%emt 0:00:00]} 3. Bg2 {[%emt 0:00:02]} Bg7 {[%emt 0:00:00]} 4. d4 {[%emt 0:00:02]} Nf6 {[%emt 0:00:04]} 5. O-O {[%emt 0:00:04]} O-O {[%emt 0:00:01]} 6. c3 {[%emt 0:00:00]} Nbd7 {[%emt 0:00:11]} 7. a4 {[%emt 0:00:03]} a5 {[%emt 0:00:04]} 8. Nbd2 {[%emt 0:00:06]} b6 {[%emt 0:00:05]} 9. b4 {[%emt 0:00:15]} Bb7 {[%emt 0:00:19]} 10. b5 {[%emt 0:00:07]} c5 {[%emt 0:00:10]} 11. bxc6 {[%emt 0:00:11]} Bxc6 {[%emt 0:00:02]} 12. Ba3 {[%emt 0:00:10]} Re8 {[%emt 0:00:01]} 13. e3 {[%emt 0:00:01]} b5 {[%emt 0:00:21]} 14. axb5 {[%emt 0:00:07]} Bxb5 {[%emt 0:00:01]} 15. Re1 {[%emt 0:00:01]} a4 {[%emt 0:00:09]} 16. Rb1 {[%emt 0:00:14]} Qa5 {[%emt 0:00:03]} 17. Qc2 {[%emt 0:00:09]} Qa6 {[%emt 0:00:04]} 18. Bf1 {[%emt 0:00:08]} Bxf1 {[%emt 0:00:03]} 19. Rxf1 {[%emt 0:00:00]} e5 {[%emt 0:00:14]} 20. c4 {[%emt 0:00:19]} exd4 {[%emt 0:00:38]} 21. exd4 {[%emt 0:00:14]} dxc4 {[%emt 0:00:06]} 22. Qxc4 {[%emt 0:00:01]} Qxc4 {[%emt 0:00:06]} 23. Nxc4 {[%emt 0:00:01]} Reb8 {[%emt 0:00:11]} 24. Nfe5 {[%emt 0:00:10]} Bf8 {[%emt 0:00:23]} 25. Rxb8 {[%emt 0:00:27]} Rxb8 26. Ra1 Bxa3 {[%emt 0:00:09]} 27. Rxa3 {[%emt 0:00:02]} Rb4 {[%emt 0:00:02]} 28. Kf1 {[%emt 0:00:26]} Nxe5 {[%emt 0:00:10]} 29. dxe5 {[%emt 0:00:01]} Ng4 {[%emt 0:00:02]} 30. Rc3 {[%emt 0:00:11]} Nxh2+ {[%emt 0:00:02]} 31. Kg2 {[%emt 0:00:02]} Ng4 {[%emt 0:00:01]} 32. f4 {[%emt 0:00:11]} Rxc4 {[%emt 0:00:01]} 0-1